000 01800nam a2200313 4500
001 114100
003 DR-UNIBE
005 20250922133126.0
008 250922b2001 dr ||||| |||| 00| 0 spa d
020 _a9993480908
040 _aBIBLIOTECA UNIBE
_bspa
_cBIBLIOTECA UNIBE
_erda
041 _aspa
082 _222
_aRD 327.2 M828d 2001
100 1 0 _aMorales Lama, Manuel
_917608
_eautor
245 1 0 _aDiplomacia contemporánea : teoría y práctica : para el ejercicio profesional /
_cManuel Morales Lama
250 _aQuinta edición
260 _aSanto Domingo :
_bFundación Antonio M. Lama,
_c2001
300 _axxix, 530 páginas :
_c22 x 14 cm
500 _aInformación sobre la obra y el autor en las solapas
505 _aPrólogo | A modo de proemio | Introducción | Capítulo I. Conceptos básicos | Capítulo II. Orígenes y evolución de la diplomacia | Capítulo III. Ejecutores centrales de la política exterior de los estados | Capítulo IV. El servicio Exterior | Capítulo V. La misión diplomática permanente | Capítulo VI. La función diplomática | Capítulo VII. La concertación de tratados | Capítulo VIII. Estilística diplomática | Capítulo IX. Ceremonial y protocolo | Capítulo X. Status del diplomático dominicano | Glosario de locuciones y términos latinos y franceses | Apéndices | Anexos | Bibliografía | Índice análitico
650 _2lemb
_a Diplomacia
650 _2lemb
_a Derecho diplomático y consular
_982829
650 _2lemb
_a Servicio diplomático y consular
700 _aRuiz Sobero, Benjamín
_9148071
_eprologuista
700 _aNarváez Rivadeneira, Luis
_9148072
_eintroducción
700 _aOrtiz, Deisy
_9145817
_ediagramador y composición
700 _aVásquez, José
_9148070
_ediseñador gráfico
942 _2ddc
_cBK
999 _c114100
_d114100